DC Comic based movies - Statistics

General Stats
  • This quiz has been taken 2,159 times
    1,281 since last reset
  • The average score is 26 of 39
Answer Stats
Hint Answer % Correct
1989 Batman
99%
1966 Batman: The Movie
99%
2022 The Batman
99%
1978 Superman
95%
2017 Wonder Woman
92%
2017 Justice League
90%
2021 Zack Snyder's Justice League
90%
2008 The Dark Knight
88%
2018 Aquaman
86%
2022 The Flash
85%
2013 Man of Steel
81%
2012 The Dark Knight Rises
80%
2005 Batman Begins
79%
2020 Wonder Woman 1984
78%
2016 Suicide Squad
77%
2021 The Suicide Squad
77%
1997 Batman & Robin
74%
2016 Batman v Superman: Dawn of Justice
72%
1980 Superman II
72%
1983 Superman III
72%
2011 Green Lantern
68%
2019 Joker
67%
2019 Shazam
66%
1987 Superman IV: The Quest for Peace
65%
1992 Batman Returns
64%
1995 Batman Forever
63%
2022 Aquaman 2
58%
2020 Birds of Prey
57%
2006 Superman Returns
53%
TBA Black Adam
52%
2023 Shazam! Fury of the Gods
46%
2004 Catwoman
43%
1984 Supergirl
39%
2009 Watchmen
36%
2005 Constantine
31%
1982 Swamp Thing
30%
1997 Steel
23%
2010 Jonah Hex
22%
1989 The Return of Swamp Thing
19%
No matching quizzes found
Score Distribution
Percent of People with Each Score
Percentile by Number Answered
Your Score History
You have not taken this quiz since the last reset